LEADER 01378nam0-2200397---450- 001 990003553980203316 005 20120203105901.0 010 $a978-88-324-7695-8 035 $a000355398 035 $aUSA01000355398 035 $a(ALEPH)000355398USA01 035 $a000355398 100 $a20110726d2011----km-y0itay0103----ba 101 $aita 102 $aIT 105 $a||||||||001yy 200 1 $aCodice degli appalti pubblici e privati$edisciplina statale, regionale e comunitaria...$elavori, forniture, servizi e settori esclusi$fa cura di Carlo Malinconico 205 $a13. ed. 210 $aMilano$cIl sole 24 ore$d2011 215 $aXXXVIII, 1722 p.$d22 cm$e1 fasc.(95 p.) 225 2 $a<> codici di Il sole 24 ore$iEdilizia e territorio 300 $aTitolo del fasc.: Aggiornamento alla 13.ed. 410 0$12001$a<> codici di Il sole 24 ore$iEdilizia e territorio 676 $a346.4502302632 702 1$aMALINCONICO,$bCarlo 710 1$aITALIA$0440885 801 0$aIT$bsalbc$gISBD 912 $a990003553980203316 951 $aXXIV.3.A. 506$b71843 G.$cXXIV.3.A.$d00298276 959 $aBK 969 $aGIU 979 $aFIORELLA$b90$c20110726$lUSA01$h1247 979 $aFIORELLA$b90$c20110726$lUSA01$h1249 979 $aPATRY$b90$c20120203$lUSA01$h1059 996 $aCodice degli appalti pubblici e privati$91086598 997 $aUNISA LEADER 01893nam 2200409 n 450 001 996391378503316 005 20200824121644.0 035 $a(CKB)4940000000104928 035 $a(EEBO)2240906680 035 $a(UnM)99853145e 035 $a(UnM)99853145 035 $a(EXLCZ)994940000000104928 100 $a19920604d1612 uy | 101 0 $aeng 135 $aurbn||||a|bb| 200 10$aMetallica. Or The treatise of metallica$b[electronic resource] $eBriefly comprehending the doctrine of diuerse new metallicall inuentions, but especially, how to neale, melt, and worke all kinde of mettle-oares, irons and steeles with sea-coale, pit-coale, earth-coale and brush-fewell. Also a transcript of his Maiesties letters pattents of priuiledge, granted vnto Simon Sturteuant for the said metallicall businesses, for one and thirty yeares. Published in print before the last day of this present Easter terme, as the said Simon Sturteuant was by his Highnesse inioyned 210 $aImprinted at London $cBy George Eld. Cum priuilegio$dAnno. 1612. May. 22 215 $a[16], 112 p 300 $aThe letter patent is dated on B3r: the xxix. day of February, in the yeares of the reigne of our soueraigne lord Iames .. the ninth, & of Scotland the xlv. 300 $aReproduction of the original in the Bodleian Library. 300 $aSome pages stained. 330 $aeebo-0014 606 $aMetallurgy$vEarly works to 1800 606 $aInventions$vEarly works to 1800 615 0$aMetallurgy 615 0$aInventions 700 $aSturtevant$b Simon$01001639 712 02$aEngland and Wales.$bSovereign (1603-1625 : James I). 801 0$bCu-RivES 801 1$bCu-RivES 801 2$bUk-ES 801 2$bCStRLIN 801 2$bWaOLN 906 $aBOOK 912 $a996391378503316 996 $aMetallica. Or The treatise of metallica$92323127 997 $aUNISA LEADER 04167oam 2200589zu 450 001 9910131922103321 005 20210807004753.0 010 $a2-7283-0996-5 010 $a2-8218-2041-0 024 7 $a10.4000/books.efr.411 035 $a(CKB)3460000000122128 035 $a(SSID)ssj0001541238 035 $a(PQKBManifestationID)11880657 035 $a(PQKBTitleCode)TC0001541238 035 $a(PQKBWorkID)11534850 035 $a(PQKB)10711782 035 $a(WaSeSS)IndRDA00044130 035 $a(FrMaCLE)OB-efr-411 035 $a(oapen)https://directory.doabooks.org/handle/20.500.12854/43263 035 $a(PPN)182825361 035 $a(oapen)doab43263 035 $a(EXLCZ)993460000000122128 100 $a20160829d2005 uy 101 0 $afre 135 $aur||||||||||| 181 $ctxt 182 $cc 183 $acr 200 13$aLa circulation des biens à Venise : stratégies patrimoniales et marché immobilier (1600-1750 210 $cPublications de l?École française de Rome$d2005 210 31$a[Place of publication not identified]$cPublications de l'École française de Rome$d2005 215 $a1 online resource (x, 629 pages) 225 1 $aBibliothe?que des E?coles franc?aises d'Athe?nes et de Rome 300 $aBibliographic Level Mode of Issuance: Monograph 311 08$a2-7283-0709-1 320 $aIncludes bibliographical references and index. 330 $aÀ l?image d?un territoire urbain fixé dans ses contours depuis la fin du XVIe siècle, les structures de la propriété vénitienne sont dotées, aux XVIIe et XVIIIe siècles, d?une remarquable stabilité au bénéfice du patriciat. Elles n?en ont pas moins évolué sous l?effet de la conjoncture économique, de l?évolution démographique et des difficultés financières rencontrées par certaines familles entraînant une circulation des biens par la voie de la transmission intrafamiliale, des échanges matrimoniaux et des ventes. Ce sont ces mécanismes de circulation que ce livre entend explorer en portant, d?abord, l?attention sur le marché immobilier, sur son mode de fonctionnement dans le cadre d?une économie ancienne et sur son activité dont la relative atonie démontre la vigueur des mécanismes de conservation de la propriété. La reconstitution de la généalogie de maisons permet ensuite, à une micro-échelle, d?individualiser des espaces soustraits aux échanges et des biens qui ont vocation à circuler plus que les autres. Cette différenciation s?éclaire à la lumière des comportements patrimoniaux dont se dégagent, au-delà de la myriade des configurations et des mobiles individuels, des régularités dans le traitement appliqué aux biens au moment de partager l?héritage, de constituer la dot et d?arbitrer entre biens ruraux et biens urbains accréditant l?idée d?une hiérarchie interne au patrimoine. Enfin, le suivi des propriétaires permet de saisir l?articulation, différente selon les milieux, entre les pratiques d?accumulation et le cycle de vie, entre la part des investissements et celle de l?héritage dans la formation du patrimoine, entre la position dans l?échelle des fortunes et l?intensité des transformations qui contribuent à renouveler les propriétaires sans que la répartition de la propriété par groupe social en sorte transformée. Comprendre le rapport des hommes aux biens, c?est tenir compte de l?interaction constante entre des structures, des comportements économiques et? 410 0$aBibliothe?que des e?coles franc?aises d'Athe?nes et de Rome. 606 $aBusiness & Economics$2HILCC 606 $aReal Estate, Housing & Land Use$2HILCC 607 $aVenice (Italy)$xEconomic conditions$y17th century 607 $aVenice (Italy)$xEconomic conditions$y18th century 610 $apatrimoine 610 $aVenise 615 7$aBusiness & Economics 615 7$aReal Estate, Housing & Land Use 700 $aChauvard$b Jean-François$0597598 801 0$bPQKB 906 $aBOOK 912 $a9910131922103321 996 $aCirculation des biens à Venise$91031170 997 $aUNINA